[Event "Wch U18 Girls"]
[Site "Montesilvano"]
[Date "2023.11.21"]
[Round "8"]
[White "Skarbarchuk, Tetyana"]
[Black "Mungunzul, Bat Erdene"]
[Result "1/2-1/2"]
[WhiteElo "2010"]
[BlackElo "2111"]
[PlyCount "83"]
[EventDate "2023.11.13"]
[EventType "swiss"]
[EventRounds "11"]
[EventCountry "ITA"]
[SourceTitle "CB48_2023"]
[SourceDate "2023.11.29"]
[SourceVersion "1"]
[SourceVersionDate "2023.11.29"]
[SourceQuality "1"]

1. d4 d5 2. c4 c6 3. Nc3 Nf6 4. Nf3 a6 5. cxd5 cxd5 6. Ne5 Nc6 7. Bf4 e6 8. e3 Qb6 9. Nxc6 bxc6 10. a3 c5 11. dxc5 Qxc5 12. Rc1 Qa5 13. Bd3 Be7 14. Qa4+ Qxa4 15. Nxa4 Nd7 16. 0-0 e5 17. Bg3 Bd6 18. Bf5 Ke7 19. Bxd7 Bxd7 20. Nb6 Rab8 21. Nxd5+ Ke6 22. Nc7+ Ke7 23. b4 Rhc8 24. Nxa6 Ra8 25. Nc5 Bb5 26. Rfd1 Rxa3 27. Ne4 Rxc1 28. Rxc1 f6 29. Nxd6 Kxd6 30. h4 Rb3 31. Rc8 Rxb4 32. Rg8 Rg4 33. Kh2 Bc4 34. Rh8 h6 35. f3 Rg6 36. Rc8 Be6 37. Ra8 h5 38. Ra5 Bd5 39. e4 Bc6 40. Ra7 Bd7 41. Ra6+ Bc6 42. Ra7 1/2-1/2

[Event "Wch U18 Girls"]
[Site "Montesilvano"]
[Date "2023.11.15"]
[Round "3"]
[White "Skarbarchuk, Tetyana"]
[Black "Tsapaki, Asimenia"]
[Result "1-0"]
[WhiteElo "2010"]
[BlackElo "1702"]
[PlyCount "91"]
[EventDate "2023.11.13"]
[EventType "swiss"]
[EventRounds "11"]
[EventCountry "ITA"]
[SourceTitle "CB48_2023"]
[SourceDate "2023.11.29"]
[SourceVersion "1"]
[SourceVersionDate "2023.11.29"]
[SourceQuality "1"]

1. d4 Nf6 2. c4 e6 3. Nf3 Bb4+ 4. Nbd2 b6 5. e3 c5 6. Bd3 Bb7 7. 0-0 Bxd2 8. Bxd2 0-0 9. dxc5 bxc5 10. Bc3 Ne4 11. Bxe4 Bxe4 12. Qd6 Bxf3 13. gxf3 Qg5+ 14. Kh1 Qf5 15. Qg3 g6 16. e4 Qh5 17. Bf6 d5 18. cxd5 exd5 19. exd5 Qxd5 20. Rfd1 Qf5 21. Rd6 Nd7 22. Bc3 Rfe8 23. Kg2 Nb6 24. Rad1 Nc4 25. R6d3 Nb6 26. Qh4 h5 27. Rd6 Rac8 28. Rf6 Qc2 29. Rxf7 Qxc3 30. bxc3 Kxf7 31. Qf4+ Kg7 32. Rd6 Rg8 33. Re6 Kh7 34. Re7+ Rg7 35. Qe5 Rxe7 36. Qxe7+ Kh6 37. Qxa7 Nd5 38. Qd7 Nf4+ 39. Kf1 Rb8 40. Qd1 Kg5 41. Qc1 c4 42. h4+ Kf5 43. Qe1 g5 44. Qe4+ Kf6 45. hxg5+ Kxg5 46. Qe5+ 1-0

[Event "Wch U18 Girls"]
[Site "Mamaia"]
[Date "2022.09.15"]
[Round "10"]
[White "Sovetbekova, Nurai"]
[Black "Skarbarchuk, Tetyana"]
[Result "0-1"]
[WhiteElo "1992"]
[BlackElo "1843"]
[PlyCount "90"]
[EventDate "2022.09.06"]
[EventType "swiss"]
[EventRounds "11"]
[EventCountry "ROU"]
[SourceTitle "CBM 210 Extra"]
[Source "ChessBase"]
[SourceDate "2022.11.30"]
[SourceVersion "1"]
[SourceVersionDate "2022.11.30"]
[SourceQuality "1"]

1. d4 d5 2. c4 c6 3. Nf3 Nf6 4. g3 dxc4 5. Bg2 g6 6. a4 Bg7 7. Na3 0-0 8. 0-0 Bf5 9. Nxc4 Nbd7 10. b3 Nb6 11. Ba3 Nbd5 12. Rc1 a5 13. Nh4 Bg4 14. h3 Be6 15. Qd2 Qc7 16. e4 Nb6 17. Nxb6 Qxb6 18. Bxe7 Rfe8 19. Bc5 Qxb3 20. Ra1 Bc8 21. Rfe1 Nd7 22. Bd6 Qe6 23. Bf4 Qe7 24. Nf3 Nf8 25. Rab1 Ne6 26. Be3 Rd8 27. d5 cxd5 28. exd5 Qa3 29. Nd4 Nxd4 30. Bxd4 Qxa4 31. Bxg7 Kxg7 32. Re7 Qc4 33. Qb2+ Kg8 34. Qf6 Rf8 35. Rbe1 Ra6 36. d6 Qc5 37. Re8 Qxd6 38. Qb2 Be6 39. Rxf8+ Qxf8 40. Bxb7 Qb8 41. Rb1 Ra7 42. Qb6 a4 43. Qc6 a3 44. Rb5 a2 45. Ba6 a1Q+ 0-1

[Event "Kiev-Lvov Region Rapid"]
[Site "Kiev"]
[Date "2021.09.14"]
[Round "2"]
[White "Skarbarchuk, Tetyana"]
[Black "Yeshchenko, Uliana"]
[Result "0-1"]
[WhiteElo "1711"]
[BlackElo "2095"]
[PlyCount "136"]
[EventDate "2021.09.14"]
[EventType "team-match (rapid)"]
[EventRounds "4"]
[EventCountry "UKR"]
[SourceTitle "CBM 204 Extra"]
[Source "ChessBase"]
[SourceDate "2021.11.30"]
[SourceVersion "1"]
[SourceVersionDate "2021.11.30"]
[SourceQuality "1"]
[WhiteTeam "Lvov Region"]
[BlackTeam "Kiev Region"]
[WhiteTeamCountry "UKR"]
[BlackTeamCountry "UKR"]

1. d4 d5 2. c4 e6 3. Nc3 c6 4. e3 Nf6 5. Nf3 Nbd7 6. Qc2 Bd6 7. b3 0-0 8. Bb2 b6 9. Bd3 Bb7 10. 0-0 Qe7 11. Rfe1 Rac8 12. e4 dxe4 13. Nxe4 Nxe4 14. Bxe4 Nf6 15. Bd3 h6 16. Qe2 Rfe8 17. Ne5 c5 18. dxc5 Bxc5 19. Red1 Red8 20. Bc2 Ba8 21. Kh1 Qb7 22. f3 Qe7 23. Rxd8+ Rxd8 24. Rd1 Rd6 25. Nd3 Bd4 26. Ba3 Bc5 27. b4 Bd4 28. b5 Bc5 29. Nxc5 bxc5 30. Rxd6 Qxd6 31. Qd3 Qxd3 32. Bxd3 Nd7 33. Kg1 Kf8 34. Kf2 Ke7 35. Bb2 f6 36. a4 Kd6 37. Ke3 e5 38. Ba3 Nf8 39. Bf5 g6 40. Bc8 f5 41. h3 Nh7 42. a5 Ng5 43. h4 Nf7 44. g3 Nd8 45. Bb2 Kc7 46. Ba6 Nf7 47. Bc3 Kd7 48. b6 axb6 49. axb6 Kc6 50. Ba5 Nd6 51. g4 Bb7 52. Bxb7+ Kxb7 53. Kd3 e4+ 54. fxe4 fxe4+ 55. Kc3 h5 56. gxh5 gxh5 57. Kb3 Ka6 58. b7 Kxb7 59. Be1 Kc6 60. Kc3 Kd7 61. Bf2 Kc6 62. Be1 Nf5 63. Bf2 Kd6 64. Kc2 Nd4+ 65. Kd2 Ke5 66. Bg3+ Kf5 67. Bf2 Kf4 68. Kc3 e3 0-1

[Event "UKR-ch U12 Girls"]
[Site "Lvov"]
[Date "2019.03.28"]
[Round "10"]
[White "Hnatyshyn, Anastasiya"]
[Black "Skarbarchuk, Tetyana"]
[Result "1-0"]
[WhiteElo "1234"]
[BlackElo "1328"]
[PlyCount "97"]
[EventDate "2019.03.19"]
[EventType "tourn"]
[EventRounds "11"]
[EventCountry "UKR"]
[SourceTitle "CBM 190 Extra"]
[Source "ChessBase"]
[SourceDate "2019.07.15"]
[SourceVersion "1"]
[SourceVersionDate "2019.07.15"]
[SourceQuality "1"]

1. e4 e6 2. d4 d5 3. exd5 exd5 4. Bd3 Bd6 5. Nf3 Ne7 6. 0-0 0-0 7. Nc3 c6 8. Re1 f6 9. h3 Bf5 10. Bxf5 Nxf5 11. Qe2 Ne7 12. Bd2 Qc7 13. a3 a5 14. Nd1 Nd7 15. Ne3 Rfe8 16. Qd3 Nb6 17. Nh4 Qd7 18. Nhf5 Nxf5 19. Qxf5 Qf7 20. a4 Bc7 21. b3 Nc8 22. f3 Nd6 23. Qd3 f5 24. Re2 Re6 25. Nf1 Rxe2 26. Qxe2 Re8 27. Qf2 Qf6 28. Re1 Rf8 29. c3 Kh8 30. Qe2 Kg8 31. Qe7 Qxe7 32. Rxe7 Bb8 33. Kf2 b5 34. axb5 Nxb5 35. Ne3 Bf4 36. Re6 Bxe3+ 37. Kxe3 Na7 38. Re7 Ra8 39. Kd3 Kf8 40. Rb7 Nc8 41. Bf4 h6 42. Be5 g6 43. Rh7 h5 44. Rc7 Na7 45. Rg7 Nc8 46. Rxg6 Ne7 47. Rh6 Kf7 48. Rxh5 Kg6 49. Rh8 1-0

[Event "UKR-ch U12 Girls"]
[Site "Lvov"]
[Date "2019.03.19"]
[Round "1"]
[White "Bondar, Daria"]
[Black "Skarbarchuk, Tetyana"]
[Result "0-1"]
[WhiteElo "1162"]
[BlackElo "1328"]
[PlyCount "132"]
[EventDate "2019.03.19"]
[EventType "tourn"]
[EventRounds "11"]
[EventCountry "UKR"]
[SourceTitle "CBM 190 Extra"]
[Source "ChessBase"]
[SourceDate "2019.07.15"]
[SourceVersion "1"]
[SourceVersionDate "2019.07.15"]
[SourceQuality "1"]

1. e4 e6 2. d4 d5 3. exd5 exd5 4. Bd3 Bd6 5. Qf3 Ne7 6. Ne2 Nd7 7. Bf4 Nf6 8. h3 h6 9. Bxd6 Qxd6 10. 0-0 g5 11. Qg3 Ne4 12. Qxd6 Nxd6 13. Nd2 h5 14. Rfe1 f6 15. Nc3 c6 16. Nd1 Kf7 17. c3 Bd7 18. Ne3 Rag8 19. Rac1 Ng6 20. c4 Nf4 21. Bb1 g4 22. h4 g3 23. f3 Be6 24. cxd5 Nxd5 25. Nxd5 Bxd5 26. b3 Nb5 27. Ne4 Bxe4 28. Rxe4 Rd8 29. Rd1 Rd7 30. Re3 Nxd4 31. Red3 Rhd8 32. Rc3 Nf5 33. Re1 Nd6 34. Rc4 Nb5 35. Ra4 Rd4 36. Rxd4 Rxd4 37. Be4 Nc3 38. a4 Nxe4 39. fxe4 Ke6 40. Kf1 Ke5 41. Re3 Rxe4 42. Rxg3 Rxh4 43. Ke2 Re4+ 44. Kd3 Rg4 45. Re3+ Kd6 46. Rh3 h4 47. Rf3 Rg3 48. Ke4 Rxf3 49. Kxf3 Ke5 50. Kg4 a5 51. Kxh4 b5 52. Kg4 bxa4 53. bxa4 Ke4 54. Kg3 c5 55. Kf2 f5 56. Ke2 c4 57. Kd2 Kd4 58. Kc2 c3 59. g3 Kc4 60. Kc1 Kb3 61. Kb1 Kxa4 62. Kc2 Kb4 63. Kc1 Kb3 64. Kb1 a4 65. Kc1 a3 66. Kb1 a2+ 0-1